|
|
|
|
| LEADER |
00000nam a2200000Ii 4500 |
| 001 |
DIGEJTLOZ226 |
| 003 |
NyNyDIG |
| 006 |
m o d |
| 007 |
cr ||||||||||| |
| 008 |
250204s2022 ck ad ob 000 0 spa d |
| 035 |
|
|
|a (OCoLC)1346349678
|
| 040 |
|
|
|a DGITA
|b eng
|e rda
|e pn
|c DGITA
|
| 020 |
|
|
|a 9789587253306
|q (ePub)
|
| 020 |
|
|
|a 9789587253290
|q (digital)
|
| 020 |
|
|
|z 9789587253429
|q (impreso)
|
| 024 |
7 |
|
|a https ://doi.org/10.21789/9789587253290
|2 doi
|
| 043 |
|
|
|a s-ck---
|
| 050 |
1 |
4 |
|a HC197 ebook
|
| 082 |
0 |
4 |
|a 338.09861
|2 23
|
| 100 |
1 |
|
|a Pérez Toro, José Alberto,
|e author.
|
| 245 |
1 |
3 |
|a La idea de la industrialización en Colombia 1918-2018 /
|c José Alberto Pérez Toro.
|
| 264 |
|
1 |
|a Bogotá :
|b Editorial UTADEO,
|c [2022]
|
| 300 |
|
|
|a 1 online resource :
|b illustrations, tables.
|
| 336 |
|
|
|a text
|b txt
|2 rdacontent
|
| 337 |
|
|
|a computer
|b c
|2 rdamedia
|
| 338 |
|
|
|a online resource
|b cr
|2 rdacarrier
|
| 347 |
|
|
|a text file
|2 rdaft
|
| 347 |
|
|
|b PDF
|
| 504 |
|
|
|a Includes bibliographical references.
|
| 588 |
0 |
|
|a Online resource; title from PDF title page (Digitalia, viewed February 4, 2025)
|
| 650 |
|
0 |
|a Industrialization
|z Colombia
|x History.
|
| 650 |
|
0 |
|a Economic development
|z Colombia
|x History.
|
| 650 |
|
0 |
|a Business cycles
|z Colombia
|x History.
|
| 651 |
|
0 |
|a Colombia
|x Economic policy.
|
| 650 |
|
0 |
|a Globalization
|x Economic aspects
|z Colombia
|x History.
|
| 651 |
|
0 |
|a Colombia
|x Economic conditions
|y 1918-
|
| 791 |
2 |
|
|a Digitalia (Firm),
|e distributor.
|
| 793 |
0 |
|
|g Digitalia eBook Collection:
|a Editorial Jorge Tadeo Lozano
|
| 776 |
0 |
8 |
|i Print version:
|a Pérez Toro, José Alberto.
|t Idea de la industrialización en Colombia 1918-2018.
|d Bogotá : Editorial UTADEO, [2022]
|z 9789587253429
|
| 856 |
4 |
0 |
|3 Digitalia Hispánica
|u https://www.digitaliapublishing.com/a/170611/
|
| 910 |
|
|
|a Premium collection: 2025
|